Agricultura en el partido de Coronel Dorrego, pcia. de Buenos Aires : informe final, licenciatura en geografía /

Guardado en:
Autor Principal: Valle, Susana H. del.
Formato: Libro
Idioma:Spanish
Publicado: Bahía Blanca : Universidad nacional del Sur, 1966.
Etiquetas: Agregar Etiqueta
Sin Etiquetas, Sea el primero en etiquetar este registro!
LEADER 00549nam a22001455a 4500
001 EUN.um057430
003 AR-BaUNS
005 20050623122926.0
008 041125s1966####ag############000#0#spa#d
245 1 0 |a Agricultura en el partido de Coronel Dorrego, pcia. de Buenos Aires :  |b informe final, licenciatura en geografía /  |c Susana H. del Valle. 
260 |a Bahía Blanca :  |b Universidad nacional del Sur,  |c 1966. 
300 |a No paginado. 
100 1 |a Valle, Susana H. del. 
082 0 4 |a 630.9821 
859 |a Ar-BaUNS  |b BIB. CENTRAL - Sector C  |h 630.9821  |i V242  |k F  |p 72802/975